Les Conifères de la Forêt Lorraine (Nom scientifique) - Statistiques

Statistiques générales
  • Ce quiz a été pris 26 fois
  • Le résultat moyen est 12 sur 16
Statistiques - réponses
Par images Réponse % Correct
Pinacées Abies
100%
Pinacées Picea
100%
Pinacées pinus
100%
Taxacées Taxus
100%
Araucariacées Araucaria
83%
Cupressacées Cupressus
83%
Pinacées Cedrus
83%
Pinacées Larix
83%
Pinacées Pseudotsuga
83%
Cupressacées Calocedrus
67%
Cupressacées Chamaecyparis
67%
Cupressacées Juniperus
67%
Cupressacées Sequoia
67%
Cupressacées Thuja
50%
Pinacées Tsuga
50%
Taxodiacées Sequoiadendron
50%
Aucun quiz correspondant
Distribution des résultats
% des personnes avec chaque résultat
Percentile par nombre de réponses
Votre historique - résultats
Vous n’avez pas pris ce quiz